00590nam a2200181Ia 450000500170000000800460001703700120006304000210007504100130009608400210010910000320013024500360016226000470019830000170024594200210026299900210028395201040030420250508150452.0008 250505s9999 xx 000 0 eng d aTextual aFEDL bengcFEDL aeng2eng a923.7, QUIqFEDL aQuick Robert Hebert9756186 0aEssays on educational reformers aLondon, UKbLongmans, Green and Co. c1929 axxviil,560p. cTEXLh923.7, QUI c1323798d1323798 00104070aFEDLbFEDLd2025-05-08l0o923.7, QUIpEL0002868r2025-05-08 15:04:52w2025-05-08yTEXL